Un Yanqui en la corte del rey Arturo / (Registro nro. 12948)

Detalles MARC
000 -LIDER
fixed length control field 00935nam a22002897a 4500
003 - IDENTIFICACDOR DE NÚMERO DE CONTROL
control field DO-SdBNP
005 - DATE AND TIME OF LATEST TRANSACTION
control field 20221108123957.0
008 - ELEMENTOS DE LONGITUD FIJA
fixed length control field 171117b2000 sp ||00| 0 spa d
020 ## - ISBN
International Standard Book Number 8420635847
040 ## - FUENTE DE CATALOGACIÓN
Agencia que crea de manera original el registro BPMSU
Idioma de catalogación spa
Agencia que realiza la transcripción BPMSU
082 #4 - NÚMERO DE CLASIFICACIÓN DECIMAL DE DEWEY
Classification number 813.4
Item number T969u 2000
Edition number 22
100 1# - ASIENTO PRINCIPAL -- NOMBRE PERSONAL
Nombre personal Twain, Mark
Fechas asociadas con el nombre 1835-1910
240 10 - TITULO UNIFORME
Título uniforme A Connecticut yankee in king Arthur's court.
Idioma de una obra Español.
245 10 - MENCIÓN DE TITULO
Título Un Yanqui en la corte del rey Arturo /
Mención de responsabilidad Mark Twain ; traducción: Juan Fernando Merino.
260 ## - PUBLICACIÓN, DISTRIBUCIÓN, ETC. (PIE DE IMPRENTA)
Lugar de publicación, distribución, etc Madrid :
Nombre del editor, distribuidor, etc. Alianza Editorial,
Fecha de publicación, distribución, etc 2000.
300 ## - DESCRIPCIÓN FÍSICA
Extensión 430 p. ;
Dimensiones 18 cm.
490 1# - MENCIÓN DE SERIES
Mención de serie El Libro de bolsillo
Volume/sequential designation 8030
490 1# - MENCIÓN DE SERIES
Mención de serie Biblioteca juvenil.
490 1# - MENCIÓN DE SERIES
Mención de serie Biblioteca temática (Alianza)., Juvenil.
518 ## - DATE/TIME AND PLACE OF AN EVENT NOTE
Date/time and place of an event note v
590 ## - NOTA LOCAL
Enlace Inventariado, 2022/VM
650 #4 - ENCABEZAMIENTO DE MATERIA--TEMÁTICO
Término temático o nombre geográfico como elemento de entrada Novela estadounidense
650 #4 - ENCABEZAMIENTO DE MATERIA--TEMÁTICO
Término temático o nombre geográfico como elemento de entrada Reyes y soberanos
Subdivisión de forma Novela
700 1# - ASIENTO SECUNDARIO -- NOMBRE PERSONAL
Nombre personal Merino, Juan Fernando,
Mención de responsabilidad tr.
910 ## - VALIDACIÓN
Validación VMateo V. /Validado
942 ## - ADDED ENTRY ELEMENTS (KOHA)
Source of classification or shelving scheme Dewey Decimal Classification
Koha item type Libros
Existencias
Withdrawn status Lost status Source of classification or shelving scheme Damaged status Not for loan Collection code Home library Current library Date acquired Source of acquisition Full call number Barcode Date last seen Price effective from Koha item type
    Dewey Decimal Classification     Colección General Biblioteca Pública Metropolitana Salomé Ureña Biblioteca Pública Metropolitana Salomé Ureña 11/17/2017 FUNDI BPMSU CG 813.4 T969u 2000 BPMSU17110256 11/17/2017 11/17/2017 Libros